00316nam a2200097Ia 45000010005000000080041000050820019000461000011000652450125000762600017002011545241024s9999 xx 000 0 und d aRD/362.7/UN58p aUNICEF 0aPrácticas institucionales en el sistema de Protección de Niños, Niñas y Adolescentes: Etnografía Institucional bUNICEFc2011